000 00310nam a2200121Ia 4500
008 190216s9999||||xx |||||||||||||| ||und||
100 _aKulbir Singh Sidhu
245 4 _aThe Teaching Of Mathematics: Book Bank
260 _bSterling Publications
_c1967
300 _a315p
650 _aMathematics
942 _cBK
999 _c30423
_d30423